[Event "St Denis Brule op"]
[Site "St Denis"]
[Date "2020.03.11"]
[Round "3"]
[White "Padre, Maxime"]
[Black "Falip Morales, Tom"]
[Result "0-1"]
[WhiteElo "1530"]
[BlackElo "1319"]
[PlyCount "124"]
[EventDate "2020.03.11"]
[EventType "swiss"]
[EventRounds "5"]
[EventCountry "RUF"]
[SourceTitle "CBM 195 Extra"]
[Source "ChessBase"]
[SourceDate "2020.05.31"]
[SourceVersion "1"]
[SourceVersionDate "2020.05.31"]
[SourceQuality "1"]

1. b3 e5 2. Bb2 Nc6 3. e3 d5 4. Bb5 Bd6 5. f4 Qe7 6. Nf3 Bg4 7. Bxe5 Bxf3 8. Qxf3 Bxe5 9. fxe5 Qxe5 10. 0-0 Nf6 11. Nc3 0-0 12. Bxc6 bxc6 13. Qf4 Rfe8 14. Qxe5 Rxe5 15. Rf4 Ne4 16. Nxe4 dxe4 17. Raf1 f6 18. Rf5 Rae8 19. R1f2 Rxf5 20. Rxf5 Re5 21. Rxe5 fxe5 22. Kf2 Kf7 23. d3 exd3 24. cxd3 Ke6 25. Kf3 g6 26. Ke4 c5 27. a3 a6 28. b4 cxb4 29. axb4 h6 30. d4 exd4 31. Kxd4 Kd6 32. h4 c5+ 33. bxc5+ Kc6 34. e4 a5 35. e5 a4 36. Kc4 a3 37. Kb3 a2 38. Kxa2 Kxc5 39. e6 Kd6 40. e7 Kxe7 41. Kb3 Kf6 42. Kc3 Kf5 43. h5 g5 44. Kd3 Kf4 45. Ke2 Kg3 46. Kf1 Kg4 47. Kf2 Kxh5 48. Kg3 g4 49. Kh2 Kh4 50. g3+ Kg5 51. Kg2 Kf5 52. Kf2 Ke4 53. Ke2 Kd4 54. Kd2 Ke4 55. Ke2 h5 56. Kf2 Kd3 57. Kg2 Ke2 58. Kh2 Kf2 59. Kh1 Kxg3 60. Kg1 h4 61. Kh1 Kf2 62. Kh2 g3+ 0-1

[Event "St Denis Brule op"]
[Site "St Denis"]
[Date "2020.03.11"]
[Round "1"]
[White "Padre, Maxime"]
[Black "Razafindrakoto, Sergio"]
[Result "1-0"]
[WhiteElo "1530"]
[BlackElo "1250"]
[PlyCount "93"]
[EventDate "2020.03.11"]
[EventType "swiss"]
[EventRounds "5"]
[EventCountry "RUF"]
[SourceTitle "CBM 195 Extra"]
[Source "ChessBase"]
[SourceDate "2020.05.31"]
[SourceVersion "1"]
[SourceVersionDate "2020.05.31"]
[SourceQuality "1"]

1. b3 d5 2. Bb2 Nf6 3. e3 e6 4. f4 c5 5. Nf3 Nc6 6. Bb5 Bd6 7. 0-0 0-0 8. Qe2 Bd7 9. d3 a6 10. Bxc6 Bxc6 11. Ne5 Qc7 12. Nd2 b5 13. Rf3 c4 14. Rg3 Bb7 15. Nexc4 Be7 16. Be5 Qc6 17. Na5 Qb6 18. Nxb7 Qxb7 19. c4 Rfd8 20. Rc1 Rac8 21. c5 Kh8 22. b4 Qa7 23. Nb3 Rd7 24. a3 Bd8 25. c6 Rdc7 26. Bxc7 Bxc7 27. Kh1 e5 28. fxe5 Bxe5 29. Rh3 Qe7 30. Rc2 Qe6 31. Nd4 Qd6 32. Nf3 Rxc6 33. Nxe5 Rxc2 34. Qxc2 Qxe5 35. d4 Qe6 36. Qc5 Qe4 37. Qc1 h6 38. Rf3 Qe6 39. Qc3 Qe4 40. Qc8+ Kh7 41. Qf5+ Kg8 42. Qxe4 Nxe4 43. Rf5 Nc3 44. Re5 Kh7 45. Re7 Ne4 46. Rxf7 Kg6 47. Ra7 1-0

[Event "St Denis op 21st"]
[Site "St Denis"]
[Date "2019.10.20"]
[Round "6"]
[White "Padre, Maxime"]
[Black "Eboue, Yuri"]
[Result "1-0"]
[WhiteElo "1512"]
[BlackElo "1310"]
[PlyCount "41"]
[EventDate "2019.10.20"]
[EventType "swiss"]
[EventRounds "9"]
[EventCountry "RUF"]
[SourceTitle "CBM 192 Extra"]
[Source "Chessbase"]
[SourceDate "2019.11.06"]
[SourceVersion "1"]
[SourceVersionDate "2019.11.06"]
[SourceQuality "1"]

1. b3 c6 2. Bb2 d5 3. e3 Bf5 4. Be2 Nd7 5. f4 e6 6. Nf3 Bd6 7. Bxg7 Ngf6 8. Bxh8 Ke7 9. Bxf6+ Nxf6 10. Nd4 Be4 11. Bf3 Bxf3 12. Nxf3 Qg8 13. Qe2 Qg7 14. 0-0 Ne4 15. Nc3 Nf6 16. Ne5 Rg8 17. Rf3 Nh5 18. Rh3 Nf6 19. Rg3 Qh8 20. Rxg8 Qxg8 21. Rf1 1-0

[Event "Reunion op 20th"]
[Site "St Denis"]
[Date "2018.10.21"]
[Round "9"]
[White "Etheve, Lionel"]
[Black "Padre, Maxime"]
[Result "1-0"]
[WhiteElo "1682"]
[BlackElo "1353"]
[PlyCount "119"]
[EventDate "2018.10.14"]
[EventType "swiss"]
[EventRounds "9"]
[EventCountry "RUF"]
[SourceTitle "CBM 187 Extra"]
[Source "ChessBase"]
[SourceDate "2018.11.04"]
[SourceVersion "1"]
[SourceVersionDate "2018.11.04"]
[SourceQuality "1"]

1. Nf3 c6 2. c4 d5 3. e3 Nf6 4. b3 Bg4 5. Bb2 Nbd7 6. d4 e6 7. Be2 Bd6 8. Nbd2 0-0 9. 0-0 Re8 10. Re1 e5 11. dxe5 Nxe5 12. cxd5 Nxd5 13. Nc4 Nxc4 14. Bxc4 Nf6 15. h3 Bh5 16. Be2 Qc7 17. Bxf6 gxf6 18. Qc2 Bg6 19. Bd3 Rad8 20. Red1 Qd7 21. Nd4 Re5 22. Bxg6 hxg6 23. Nf3 Rh5 24. Kf1 Qe7 25. Rd2 Rc5 26. Qd1 Bc7 27. Rxd8+ Qxd8 28. Qxd8+ Bxd8 29. Rd1 Bb6 30. Ke2 Rc2+ 31. Rd2 Rxd2+ 32. Nxd2 Kf8 33. Nc4 Bc7 34. Kd3 Ke7 35. Nd2 b5 36. Ne4 Bb6 37. f3 f5 38. Nc3 Ke6 39. Ne2 c5 40. e4 fxe4+ 41. Kxe4 f5+ 42. Kd3 Ke5 43. g4 Bc7 44. Nc3 a6 45. a3 Ba5 46. Ne2 Be1 47. Nc1 Kf4 48. Ke2 Bc3 49. Nd3+ Kg3 50. Nxc5 Kxh3 51. gxf5 gxf5 52. Nxa6 Bb2 53. Nc7 Bxa3 54. Nxb5 Bb4 55. Nd4 f4 56. Kd3 Kg2 57. Ke4 Kf2 58. Kxf4 Bd6+ 59. Ke4 Kg3 60. Nf5+ 1-0

[Event "Reunion op 19th"]
[Site "St Denis"]
[Date "2017.10.19"]
[Round "4"]
[White "Calmels, Nicolas"]
[Black "Padre, Maxime"]
[Result "1-0"]
[WhiteElo "1863"]
[BlackElo "1347"]
[PlyCount "87"]
[EventDate "2017.10.16"]
[EventType "swiss"]
[EventRounds "7"]
[EventCountry "RUF"]
[SourceTitle "CBM 181 Extra"]
[Source "ChessBase"]
[SourceDate "2017.12.12"]
[SourceVersion "1"]
[SourceVersionDate "2017.12.12"]
[SourceQuality "1"]

1. d4 Nf6 2. c4 e6 3. Nf3 Be7 4. Nc3 0-0 5. e4 c5 6. e5 Ne8 7. d5 d6 8. Bd3 dxe5 9. Qc2 Nf6 10. Bg5 h6 11. Bh4 Re8 12. 0-0-0 Qa5 13. d6 Bd8 14. Nxe5 Nbd7 15. f4 Rb8 16. Be1 Nxe5 17. fxe5 Nd7 18. Bh7+ Kh8 19. Qe4 b6 20. Rd3 Bb7 21. Qe2 Kxh7 22. Kb1 Rc8 23. Nb5 Qa6 24. Ra3 Qxa3 25. Nxa3 Rf8 26. Bc3 a6 27. Rf1 Bg5 28. g3 g6 29. Nc2 h5 30. h4 Bh6 31. g4 hxg4 32. Qxg4 Bc6 33. h5 g5 34. Ne1 Kg7 35. Nf3 Bxf3 36. Qxf3 Rcd8 37. Qe4 Rg8 38. a4 a5 39. Qf3 Rgf8 40. Qe4 Rg8 41. Bd2 Kf8 42. Qh7 Bg7 43. Bc3 Rh8 44. Qg6 1-0